Entry Nombre geográfico
001 - NÚMERO DE CONTROL
- campo de control: 21906
003 - IDENTIFICADOR DEL NÚMERO DE CONTROL
- campo de control: BNPHU
005 - FECHA Y HORA DE LA ÚLTIMA TRANSACCIÓN
- campo de control: 20250331141207.0
008 - DATOS DE LONGITUD FIJA
- campo de control de longitud fija: 200615|| aca||aabn | a|a d
010 ## - NÚMERO DE CONTROL DE LA BIBLIOTECA DEL CONGRESO
- Número de control de LC: sh 85057050
040 ## - FUENTE DE LA CATALOGACIÓN
- Centro catalogador/agencia de origen: DO-SdBNP
- Lengua de catalogación: spa
- Centro/agencia transcriptor: BNPHU
- Normas de descripción: rda
151 ## - ENCABEZAMIENTO--NOMBRE GEOGRÁFICO
- Nombre geográfico: Grecia
- Subdivisión general: Descripciones y viajes
451 0# - TRAZADO DE VÉASE--NOMBRE GEOGRÁFICO
- Nombre geográfico: Greece
- Subdivisión general: Description and travel
451 0# - TRAZADO DE VÉASE--NOMBRE GEOGRÁFICO
- Nombre geográfico: Grecia
- Subdivisión general: Descripción y viajes
- Subdivisión cronológica: Hasta 323
451 0# - TRAZADO DE VÉASE--NOMBRE GEOGRÁFICO
- Nombre geográfico: Grecia
- Subdivisión general: Descripción y viajes
- Subdivisión cronológica: 1453-1820
451 0# - TRAZADO DE VÉASE--NOMBRE GEOGRÁFICO
- Nombre geográfico: Grecia
- Subdivisión general: Descripción y viajes
- Subdivisión cronológica: 1821-1900
451 0# - TRAZADO DE VÉASE--NOMBRE GEOGRÁFICO
- Nombre geográfico: Grecia
670 ## - FUENTE DE DATOS ENCONTRADOS
- Cita de la fuente: Work cat.: (OSt)7791: Reverte, Javier, 1944- 21905, Corazón de Ulises :, 1999.
